| 000 | 01305nam a2200349 c 4500 | ||
|---|---|---|---|
| 003 | BLK | ||
| 005 | 20230324030300.0 | ||
| 008 | 180411b bul|||||r ||||||| ||bul|| | ||
| 010 | _aKNG00187656000 | ||
| 020 |
_a978-954-389-382-9 _bиздат.: Ера |
||
| 040 | _aBLK | ||
| 041 |
_aBUL _cBUL |
||
| 072 | 7 |
_2bullib _aН8301 _xТрилъри Н |
|
| 080 |
_aАнглийска литература _b821.111 _x-312.4 _z821.111-312.4 |
||
| 100 | 1 |
_aСкот, Манда _eпърви автор _9383552 |
|
| 139 |
_aСкот, Манда _bС 40 |
||
| 245 | 1 | 0 |
_aМомичето, което влезе в огъня _bРоман _cМанда Скот; прев. от англ. Цветана Тодорова Генчева. |
| 257 | _aGBR | ||
| 260 |
_аСофия _bЕра _c2016 _fСофия : Експертпринт |
||
| 300 |
_a463 с. _c20 см |
||
| 380 | _aX | ||
| 500 | _aОриг. загл. Into the Fire / Manda Scott. | ||
| 653 | _aтрилъри | ||
| 653 | _aромани | ||
| 659 | _aН | ||
| 852 | _aЦб 280363 | ||
| 856 | 4 |
_qpdf _u |
|
| 856 | 4 |
_qpdf _u |
|
| 942 |
_cKNG _n0 _011 |
||
| 944 |
_aCR _c13.04.2016 _lф / _kВиолета_Тройчева |
||
| 944 |
_aED _c09.02.2018 _lф / _kЛюдмила_Стоянова |
||
| 999 |
_c178896 _d178896 |
||